| 000 | 00449nam a22001457a 4500 | ||
|---|---|---|---|
| 020 | _qHard Cover. | ||
| 040 | _cSINES-NUST. | ||
| 082 |
_a004 _bSHA |
||
| 100 |
_aHuzaifa Shahid. _9106695 |
||
| 245 |
_aShock Reduction Through Opposite Jets: _bAtmospheric Entry Vehicles / _cShahid, Huzaifa |
||
| 260 |
_aIslamabad: _bSINES-NUST, _c2022. |
||
| 300 |
_a58 p. : _bill. ; _c35cm. |
||
| 650 | _xMS-Computational Science and Engineering. | ||
| 942 |
_2ddc _cTHE |
||
| 999 |
_c592901 _d592901 |
||